Lý thuyết điều khiển tự động thông thường và hiện đại

Chỉ tiêu chất lượng đánh giá chất lượng tối ưu. Phương pháp tổng hợp các hệ điều khiển thông thường nhằm đảm bảo cho hệ có chất lượng tối ưu. Điều khiển tối ưu. Đặc điểm chung các bài toán tối ưu. Khảo sát một số hệ cực tri...

全面介绍

Đã lưu trong:
书目详细资料
主要作者: Nguyễn, Thương Ngô
格式: 图书
语言:Undetermined
出版: Hà Nội Khoa học và Kỹ thuật 2009
主题:
标签: 添加标签
没有标签, 成为第一个标记此记录!
Thư viện lưu trữ: Trung tâm Học liệu Trường Đại học Cần Thơ
LEADER 01214nam a2200205Ia 4500
001 CTU_161946
008 210402s9999 xx 000 0 und d
020 |c 50000 
082 |a 629.8 
082 |b Ng450/Q.4 
100 |a Nguyễn, Thương Ngô 
245 0 |a Lý thuyết điều khiển tự động thông thường và hiện đại 
245 0 |c Nguyễn Thương Ngô 
260 |a Hà Nội 
260 |b Khoa học và Kỹ thuật 
260 |c 2009 
520 |a Chỉ tiêu chất lượng đánh giá chất lượng tối ưu. Phương pháp tổng hợp các hệ điều khiển thông thường nhằm đảm bảo cho hệ có chất lượng tối ưu. Điều khiển tối ưu. Đặc điểm chung các bài toán tối ưu. Khảo sát một số hệ cực trị và xây dựng các hệ cực trị khác nhau đối với điều khiển thích nghi 
650 |a Lý thuyết điều khiển,Điều khiển tự động,Automatic controls,Control theory 
904 |i Thoa, Hải 
980 |a Trung tâm Học liệu Trường Đại học Cần Thơ